Central Library OPAC University of Rajshahi

Inorganic chemistry : (Record no. 10399)

MARC details
000 -LEADER
fixed length control field 00879nam a2200265 a 4500
001 - CONTROL NUMBER
control field 10399
003 - CONTROL NUMBER IDENTIFIER
rucl marc code BD-RjUL
005 - DATE AND TIME OF LATEST TRANSACTION
control field 20211208234939.0
008 - FIXED-LENGTH DATA ELEMENTS--GENERAL INFORMATION
fixed length control field 140123r19571960enka 001 0 eng
035 ## - SYSTEM CONTROL NUMBER
System control number OCLC ocm02330015 from D970715M
-- (BD-RjUL)10447
040 ## - CATALOGING SOURCE
Original cataloging agency DLC
Transcribing agency TOL
Modifying agency UKM
-- EQO
-- BD-RjUL
Language of cataloging eng
041 ## - LANGUAGE CODE
Language code of text/sound track or separate title eng
082 ## - DEWEY DECIMAL CLASSIFICATION NUMBER
Classification number 546
Author mark and year BAI
100 1# - MAIN ENTRY--PERSONAL NAME
Personal name Barnett, E. de Barry
Fuller form of name (Edward de Barry),
Dates associated with a name 1886-1961.
9 (RLIN) 32145
245 10 - TITLE STATEMENT
Title Inorganic chemistry :
Remainder of title a text-book for advanced students /
Statement of responsibility, etc. by E. de Barry Barnett and C. L. Wilson.
250 ## - EDITION STATEMENT
Edition statement 2d ed.
260 ## - PUBLICATION, DISTRIBUTION, ETC. (IMPRINT)
Place of publication, distribution, etc. London :
Name of publisher, distributor, etc. Longmans, Green,
Date of publication, distribution, etc. 1957.{impression1960]
300 ## - PHYSICAL DESCRIPTION
Pagination 588 p. :
Illustrations ill. ;
Size 26 cm.
504 ## - BIBLIOGRAPHY, ETC. NOTE
Bibliography, etc Includes index.
650 #0 - SUBJECT ADDED ENTRY--TOPICAL TERM
Topical term or geographic name as entry element Chemistry, Inorganic
Form subdivision Textbooks.
9 (RLIN) 32146
700 1# - ADDED ENTRY--PERSONAL NAME
Personal name Wilson, Cecil L.
Fuller form of name (Cecil Leeburn)
942 ## - ADDED ENTRY ELEMENTS (KOHA)
Source of classification or shelving scheme Dewey Decimal Classification
Koha item type Books
Holdings
Lost status Source of classification or shelving scheme Damaged status Not for loan Collection code Permanent Location Current Location Shelving location Date acquired Source of acquisition Cost, normal purchase price Total Checkouts Full call number Date last seen Copy number Koha item type
  Dewey Decimal Classification     Non-fiction Central Library, University of Rajshahi Central Library, University of Rajshahi   21/11/1968 Zeitlinger 60.00   546 BAI 1960 23/01/2014 C-2 Books
  Dewey Decimal Classification     Non-fiction Central Library, University of Rajshahi Central Library, University of Rajshahi   21/11/1968 Zeitlinger 60.00   546 BAI 1960 25/01/2014 C-3 Books
  Dewey Decimal Classification   Not For Loan Non-fiction Central Library, University of Rajshahi Central Library, University of Rajshahi Reading Room 08/12/2021 Colombo plan     546 BAI 1959 17/04/2017 C-1 Books
  Dewey Decimal Classification     Non-fiction Central Library, University of Rajshahi Central Library, University of Rajshahi   31/08/1973 Eureca book agency 18.75   546 BAI 1962 12/06/2017 C-4 Books